| 000 | 00666nam a2200205 4500 | ||
|---|---|---|---|
| 001 | 38029 | ||
| 003 | ES-MaACL | ||
| 005 | 20250724075055.0 | ||
| 007 | t| | ||
| 008 | 030224s1885 sp ||||1| spa d | ||
| 100 | 1 |
_aCajal, Federico. _933492 |
|
| 245 | 1 | 4 |
_aLas unidades científicas / _cpor Federico Cajal. |
| 260 |
_aBarcelona : _bTasso, _c1885. |
||
| 300 |
_a207 p. ; _c21 cm. |
||
| 490 | 1 | _aBiblioteca de La Ilustración cubana | |
| 650 | 7 |
_aPesos y medidas _2embne _9136691 |
|
| 830 | 1 |
_aBiblioteca de La Ilustración cubana _9181749 |
|
| 852 |
_aES-MaACL _jT-715-F-5 _z- Dedicatoria manuscrita del autor a Gustavo Sáenz Díez |
||
| 999 |
_c38029 _d38029 |
||